The fiction of Ruth Prawer Jhabvala : (Record no. 128435)

MARC details
000 -LEADER
fixed length control field 00796nam a22002297a 4500
005 - DATE AND TIME OF LATEST TRANSACTION
control field 20170124110039.0
010 ## - LIBRARY OF CONGRESS CONTROL NUMBER
LC control number B-130196
020 ## - INTERNATIONAL STANDARD BOOK NUMBER
Terms of availability 00.00
International Standard Book Number 8174873171
035 ## - SYSTEM CONTROL NUMBER
System control number B-130196
037 ## - SOURCE OF ACQUISITION
Source of stock number/acquisition Cen Lib/Ret
040 ## - CATALOGING SOURCE
Original cataloging agency DPL
Language of cataloging EN
082 ## - DEWEY DECIMAL CLASSIFICATION NUMBER
Classification number 883.08
Item number SIN
100 ## - MAIN ENTRY--PERSONAL NAME
Personal name Sinha, Sunand Kumar
9 (RLIN) 23390
245 ## - TITLE STATEMENT
Title The fiction of Ruth Prawer Jhabvala :
Statement of responsibility, etc by Sunand Kumar Sinha
Remainder of title a feminist perspective /
260 ## - PUBLICATION, DISTRIBUTION, ETC. (IMPRINT)
Place of publication, distribution, etc New Delhi
Name of publisher, distributor, etc Radha Publications
Date of publication, distribution, etc 2004
270 ## - ADDRESS
Address 4378/4B, Ansari Road, Daryaganj
City New Delhi
Postal code 110002
300 ## - PHYSICAL DESCRIPTION
Extent viii,203p.
Dimensions 22cm(Hb)
500 ## - GENERAL NOTE
General note Includes index and bibliography
650 ## - SUBJECT ADDED ENTRY--TOPICAL TERM
Topical term or geographic name as entry element Feminism in literature
9 (RLIN) 23391
650 ## - SUBJECT ADDED ENTRY--TOPICAL TERM
Topical term or geographic name as entry element Jhabvala, Ruth Prawer, -- 1927-2013 -- Criticism and interpretation
9 (RLIN) 23392
942 ## - ADDED ENTRY ELEMENTS (KOHA)
Source of classification or shelving scheme Dewey Decimal Classification
Koha item type English Books
Classification part 883.08
Call number suffix SIN
Holdings
Withdrawn status Lost status Damaged status Not for loan Home library Current library Date acquired Source of acquisition Cost, normal purchase price Total Checkouts Full call number Barcode Date last seen Copy number Cost, replacement price Price effective from Koha item type Public note
Written off       Central Library Central Library 02/07/2015 Cen Lib/Ret 0.00   883.08 SIN B-130196 02/07/2015 1 0.00 02/07/2015 English Books W/d List No. 6875/7; dtd 22/08/2020

© Delhi Public Library
Hit Counter
free hit counter